Pays parlant portugais - Statistiques

Statistiques générales
  • Ce quiz a été pris 694 fois
  • Le résultat moyen est 5 sur 9
Statistiques - réponses
Réponse % Correct
Brésil
99%
Portugal
99%
Angola
74%
Cap-Vert
67%
Mozambique
55%
Guinée-Bissau
45%
São Tomé e Principe
44%
Guinée-Equatoriale
31%
Timor Oriental
31%
Aucun quiz correspondant
Distribution des résultats
% des personnes avec chaque résultat
Percentile par nombre de réponses
Votre historique - résultats
Vous n’avez pas pris ce quiz